عرض عادي عرض مارك
  • Kent, Jeffrey A.

مدخل إسم شخص

عدد التسجيلات المستخدمة في: 2

001 - رقم الضبط

  • حقل الضبط: 4756

003 - معرف رقم الضبط

  • حقل الضبط: OSt

005 - تاريخ ووقت أخر عملية

  • حقل الضبط: 20110921125301.0

008 - عناصر بيانات ثابتة الطول

  • حقل تحكم ثابت الطول: 110921|||a|||||| | ||| d

040 ## - مصدر الفهرسة

  • هيئة الفهرسة الأصلية: OSt
  • وكالة الكتابة: OSt

100 ## - مدخل -- أسم شخص

  • إسم شخص: Kent, Jeffrey A.
  • الشكل الكامل للاسم: (Jeffrey Alan),
  • تواريخ مرتبطة بالاسم: 1952-

670 ## - بيانات المصدر موجوده

  • الاستشهاد بالمصدر: Work cat.: (OSt)781: Kent, Jeffrey A. (Jeffrey Alan), 1952-, Visual Basic .Net :, c2002.